000 01083cam a2200265 i 4500
003 SA-RiAUC
005 20250521073252.0
008 250215s2007 ae g 000 0 ara c
020 _a9789953815473
040 _aSA-RiIMS
_bara
_cSA-RiAUC
_erda
082 0 4 _a251.13
090 _a251.13
_bب و س
100 1 _aبوسعادي، يمينة ساعد،
_d1966-
_eمؤلف.
245 1 0 _aمقاصد الشريعة وأثرها في الجماع والترجيح بين النصوص /
_cيمينة ساعد بوسعادي.
250 _aالطبعة الأولى.
264 1 _aالجزائر :
_aبيروت :
_bمركز الإمام الثعالبي للدراسات ونشر التراث ؛
_bدار ابن حزم،
_c2007
300 _a455 صفحة ؛
_c24 سم
336 _aنص
_btxt
_2rdacontent
_3كتاب
337 _aبدون وسيط
_bn
_2rdamedia
338 _aمجلد
_bnc
_2rdacarrier
650 7 _aالإجماع (أصول فقه)
_2aucsh
650 7 _aأصول الفقه الإسلامي
_2aucsh
942 _2ddc
_cBOOK
_n0
949 _aSA-JeALM
_d250215
_uosman123
_n1
999 _c5966
_d5966